| 000 | 00597nam a2200169 a 4500 | ||
|---|---|---|---|
| 001 | 000040870 | ||
| 005 | 20201002034435.0 | ||
| 008 | 130910s2008 pr ac 000 0 spa d | ||
| 020 | _a9780865816404 | ||
| 040 |
_aDO-SdBNP _bspa _cBNPHU |
||
| 100 | 1 |
_aFranqui Rosario, Rebeca _967296 |
|
| 245 | 1 | 0 |
_aCaribeños y la nostalgia de un Puerto Rico perdido / _cRebeca Franqui Rosario. |
| 260 |
_aPuerto Rico : _bInstituto de Cultura Puertorriqueña, _c2008. |
||
| 300 |
_a53 p. ; : _bils., retrs. ; _c20 cm. |
||
| 504 | _aBibliografía : p. 49-53 | ||
| 586 | _aPremio Concha Meléndez de crítica literaria | ||
| 999 |
_c40360 _d40360 |
||